00244nam a2200085 a 4500008004100000050001400041245008500055260000900140350000900149120416s1991 xx |||||||||||||| || u aS 585 Per00aPerspectives in world agricultureccompiled by Commonwealth Agricultural Bureaux c1991 a0.00